| 000 | 01072cam a2200229 4500 | ||
|---|---|---|---|
| 001 | ABS65444 | ||
| 008 | 020422n2002 000 0 eng u | ||
| 035 | _a(Sirsi) u117615 | ||
| 100 | _aPartridge, C | ||
| 245 | 4 | _aThe poor subsidise the rich | |
| 260 | _c2002 | ||
| 490 |
_aEstates Gazette _v(0212) 23 March 2002, 125(1) |
||
| 520 | _aArgues against the introduction of the valuation white paper's rate relief scheme, claiming it imposes a charge upon those businesses least able to pay a premium to reduce the liability of those businesses most able to pay. Government intends to change the current system so that any transitional adjustment is eliminated by the fifth year of the revaluation cycle, and the proposed scheme will apply to every property in England whose rateable value has increased by a percentage different to the national figure. | ||
| 590 | _aABS | ||
| 650 | _aLIABILITY | ||
| 650 | _aREVALUATION | ||
| 650 | _aBUSINESS RATES | ||
| 650 | _aRATE RELIEF | ||
| 650 | _aRATING SYSTEM | ||
| 690 | _aRATING AND LOCAL TAXATION | ||
| 942 | _n0 | ||
| 999 |
_c70036 _d70036 |
||